An Introduction to modern economic botany / (Record no. 10012)

MARC details
000 -LEADER
fixed length control field 00606nam a22002052 4500
001 - CONTROL NUMBER
control field 0000023853
005 - DATE AND TIME OF LATEST TRANSACTION
control field 20151217152250.0
008 - FIXED-LENGTH DATA ELEMENTS--GENERAL INFORMATION
fixed length control field 130405s xx 000 0 eng d
020 ## - INTERNATIONAL STANDARD BOOK NUMBER
International Standard Book Number 8177542729 :
040 ## - CATALOGING SOURCE
Original cataloging agency KABU
Transcribing agency KABU
100 1# - MAIN ENTRY--PERSONAL NAME
Personal name Maiti, R. K.
-- 0000183602
245 13 - TITLE STATEMENT
Title An Introduction to modern economic botany /
Statement of responsibility, etc. R. K. Maiti, and V. P. Singh.
250 ## - EDITION STATEMENT
Edition statement 1st ed.
260 ## - PUBLICATION, DISTRIBUTION, ETC. (IMPRINT)
Place of publication, distribution, etc. Jodhpur, India :
Name of publisher, distributor, etc. AGROBIOS,
Date of publication, distribution, etc. 2009.
300 ## - PHYSICAL DESCRIPTION
Extent 384 p.
650 #0 - SUBJECT ADDED ENTRY--TOPICAL TERM
Topical term or geographic name as entry element Botany, Economic.
-- 0000070265
852 1# - LOCATION
-- p2150 KES
908 ## - PUT COMMAND PARAMETER (RLIN)
Put command parameter 130405
950 ## - LOCAL HOLDINGS (RLIN)
-- 1
Holdings
Withdrawn status Lost status Source of classification or shelving scheme Not for loan Home library Current library Date acquired Total Checkouts Full call number Barcode Date last seen Price effective from Koha item type
    Library of Congress Classification   Kabarak, Main Campus Kabarak, Main Campus 17/12/2015   SB107 .M35 2009 c. 1 014870 17/12/2015 17/12/2015 General Collection
Designed with assistance from East African Informatics Ltd